Entry Nombre personal
001 - NÚMERO DE CONTROL
- campo de control: 869
003 - IDENTIFICADOR DE NÚMERO DE CONTROL
- campo de control: DLC
005 - FECHA Y HORA DE LA ÚLTIMA TRANSACCIÓN
- campo de control: 20260311120332.0
008 - ELEMENTOS DE DATO DE LONGITUD-FIJA
- campo de control de longitud fija: 800626n| azannaabn |a aaa
010 ## - NÚMERO DE CONTROL DE LA BIBLIOTECA DEL CONGRESO
- Número de control de LC: n 79128096
035 ## - NÚMERO DE CONTROL DEL SISTEMA
- Número de control de sistema: (OCoLC)oca00359618
040 ## - FUENTE DE CATALOGACIÓN
- Centro catalogador/agencia de origen: DLC
- Lengua de catalogación: eng
- Normas de descripción: rda
- Centro/agencia transcriptor: DLC
- Centro/agencia modificador: DLC
- Centro/agencia modificador: CLU
- Centro/agencia modificador: DLC
- Centro/agencia modificador: OCoLC
- Centro/agencia modificador: Uk
- Centro/agencia modificador: UPB
- Centro/agencia modificador: DLC
- Centro/agencia modificador: Uk
- Centro/agencia modificador: DLC
- Centro/agencia modificador: UPB
- Centro/agencia modificador: DLC
- Centro/agencia modificador: OCoLC
- Centro/agencia modificador: FM
046 ## - FECHAS CON CODIFICACIÓN ESPECIAL
- Fecha de nacimiento: 1923-10-15
- Fecha de la muerte: 1985-09-19
- Fuente del esquema de fecha: edtf
053 #0 - NÚMERO DE CLASIFICACIÓN LC
- Número de clasificación–único número o número inicial del rango: PQ4809.A45
100 1# - ENCABEZAMIENTO-NOMBRE DE PERSONA
- Nombre de persona: Calvino, Italo
368 ## - OTROS ATRIBUTOS DE PERSONA O ENTIDAD CORPORATIVA
- Otra designación: Cubans
- Fuente: lcdgt
370 ## - LUGAR ASOCIADO
- Lugar de nacimiento: Santiago de las Vegas (Cuba)
- Lugar de fallecimiento: Siena (Italy)
- Otro lugar asociado: Paris (France)
- Fuente del término: naf
374 ## - OCUPACIÓN
- Ocupación: Authors
- Fuente del término: lcsh
377 ## - IDIOMA ASOCIADO
- Código del idioma: spa
- Código del idioma: fre
- Código del idioma: ita
400 1# - TRAZADO DE VÉASE--NOMBRE DE PERSONA
- Nombre de persona: Kalʹvino, Italo
670 ## - FUENTE DE DATOS ENCONTRADOS
- Cita de la fuente: Il sentiero dei nidi di ragno, 1947.
670 ## - FUENTE DE DATOS ENCONTRADOS
- Cita de la fuente: Italian folktales, 1981:
- Información encontrada: t.p. (Italo Calvino) CIP data sheet (b. 1923)
670 ## - FUENTE DE DATOS ENCONTRADOS
- Cita de la fuente: Italo Calvino et l'imaginaire, 1986:
- Información encontrada: t.p. (Italo Calvino) p. 10 (d. Siena 9/1985)
670 ## - FUENTE DE DATOS ENCONTRADOS
- Cita de la fuente: Understanding Italo Calvino, 1993:
- Información encontrada: CIP t.p (Italo Calvino) chronology (b. Oct. 15, 1923, in Santiago de Las Vegas, Cuba; in Italy since 1925, but 1964-1980 in Paris ; d. Sept. 19, 1985)
670 ## - FUENTE DE DATOS ENCONTRADOS
- Cita de la fuente: His Na sudne polno krabov, 1961:
- Información encontrada: t.p. (Italo Kalʹvino)
670 ## - FUENTE DE DATOS ENCONTRADOS
- Cita de la fuente: Letters, 1941-1985, 2013:
- Información encontrada: ECIP t.p. (Italo Calvino)
670 ## - FUENTE DE DATOS ENCONTRADOS
- Cita de la fuente: Six memos for the next millenium, 2016:
- Información encontrada: ECIP data view (ITALO CALVINO's (1923-1985) superb storytelling gifts earned him international renown and a reputation as "one of the world's best fabulists" (New York Times Book Review). At his death, at age sixty-one, he was the most-translated contemporary Italian writer)